Cooperación de Japón en Colombia : (Registro nro. 4093)
[ vista simple ]
| 000 -LEADER | |
|---|---|
| fixed length control field | 01474nam a2200241Ia 4500 |
| 003 - CONTROL NUMBER IDENTIFIER | |
| control field | OSt |
| 005 - DATE AND TIME OF LATEST TRANSACTION | |
| control field | 20210128160302.0 |
| 008 - FIXED-LENGTH DATA ELEMENTS--GENERAL INFORMATION | |
| fixed length control field | 191128s2017 ck ao||gr 000 0 spa d |
| 040 ## - CATALOGING SOURCE | |
| Original cataloging agency | CO-JMCR |
| Transcribing agency | CO-JMCR |
| 041 0# - LANGUAGE CODE | |
| Language code of text/sound track or separate title | spa |
| 082 04 - DEWEY DECIMAL CLASSIFICATION NUMBER | |
| Classification number | 327.860952 / |
| Item number | C778c |
| Edition number | 23 |
| 110 1# - MAIN ENTRY--CORPORATE NAME | |
| Corporate name or jurisdiction name as entry element | Colombia. |
| Subordinate unit | Embajada de Japón en Colombia |
| 9 (RLIN) | 4135 |
| 245 10 - TITLE STATEMENT | |
| Title | Cooperación de Japón en Colombia : |
| Remainder of title | apoyo entre personas por generaciones / |
| 260 ## - PUBLICATION, DISTRIBUTION, ETC. | |
| Place of publication, distribution, etc. | Bogotá : |
| Name of publisher, distributor, etc. | Embajada del Japón en Colombia, |
| Date of publication, distribution, etc. | 2017 |
| 300 ## - PHYSICAL DESCRIPTION | |
| Extent | 105 páginas : |
| Other physical details | fotografías a color ; |
| Dimensions | 30 cm. |
| 505 0# - FORMATTED CONTENTS NOTE | |
| Formatted contents note | Palabras de la primera dama, Señora María Clemencia Rodríguez de Santos -- Palabras de la Ministra de <br/>Relaciones Exteriores, Señora María Ángela Holguín Cuéllar -- Palabras de la Ministra de Cultura, Señora Mariana Garcés Córdoba -- Palabras del Alto consejero para el posconflicto, Derechos Humanos y Seguridad, Señor Rafael Pardo Rueda -- Palabras del Director de la Agencia Presidencial de Cooperación Internacional de Colombia, Señor Alejandro Gamboa Castilla -- Palabras del Embajador del Japón en Colombia, Señor Ryutaro Hatanaka -- Resumen de la Cooperación del Japón en Colombia |
| 650 ## - SUBJECT ADDED ENTRY--TOPICAL TERM | |
| Topical term or geographic name entry element | |
| 9 (RLIN) | 4136 |
| 651 #4 - SUBJECT ADDED ENTRY--GEOGRAPHIC NAME | |
| Geographic name | Colombia |
| General subdivision | relaciones exteriores |
| Geographic subdivision | Japón |
| 9 (RLIN) | 4137 |
| 651 #4 - SUBJECT ADDED ENTRY--GEOGRAPHIC NAME | |
| Geographic name | Japón |
| General subdivision | relaciones exteriores |
| Geographic subdivision | Colombia |
| 9 (RLIN) | 4138 |
| 651 #4 - SUBJECT ADDED ENTRY--GEOGRAPHIC NAME | |
| Geographic name | Japón |
| General subdivision | cooperación internacional |
| Geographic subdivision | Colombia |
| 9 (RLIN) | 4139 |
| 651 #4 - SUBJECT ADDED ENTRY--GEOGRAPHIC NAME | |
| Geographic name | Colombia |
| General subdivision | cooperación internacional |
| Geographic subdivision | Japón |
| 9 (RLIN) | 4140 |
| 942 ## - ADDED ENTRY ELEMENTS (KOHA) | |
| Source of classification or shelving scheme | Dewey Decimal Classification |
| Koha item type | Books |
| Withdrawn status | Lost status | Source of classification or shelving scheme | Damaged status | Not for loan | Collection code | Home library | Current library | Date acquired | Source of acquisition | Cost, normal purchase price | Total Checkouts | Full call number | Barcode | Date last seen | Date last checked out | Copy number | Koha item type | Shelving location | Price effective from |
|---|---|---|---|---|---|---|---|---|---|---|---|---|---|---|---|---|---|---|---|
| Dewey Decimal Classification | Non-fiction | Biblioteca Pública José María del Castillo y Rada | Biblioteca Pública José María del Castillo y Rada | 04/15/2018 | Donación | 0.00 | 1 | 327.860952 / C778c | 201808894 | 04/22/2026 | 04/22/2026 | Ej.1 | Books | ||||||
| Dewey Decimal Classification | Biblioteca Pública José María del Castillo y Rada | Biblioteca Pública José María del Castillo y Rada | 10/02/2020 | Donación | 1 | 327.860952 / C778c | 201809700 | 03/10/2026 | 03/10/2026 | Ej.2 | Books | General Stacks | 10/02/2020 |